000 00435nam a2200181Ia 4500
008 230524s9999 xx 000 0 und d
020 _a812722121X
082 _a658.12
_bMAH
100 _aS.N.Maheshwari
245 0 _aBanking: Law and Practice
250 _aIST
260 _aNEW DELHI
_bKalyani
_c2008
300 _aXV;518
500 _aQuantity Number: 15
650 _aManagement
700 _a S.K.Maheshwari
942 _cBK
999 _c45994
_d45994